000
00279nam a2200109Ia 4500
005
20251222114355.0
008
251222s1900||||xx |||||||||||||| ||spa||
082
_a
DVD0010/K96/2003
245
0
_a
Helena de Troya: El deseo es la guerra
264
_b
Fuel Entertainment
942
_c
DVD
999
_c
1393
_d
1393